[Event "Osijek op 12th"]
[Site "Osijek"]
[Date "2019.02.22"]
[Round "3.17"]
[White "Maroslavac, Ivana"]
[Black "Kovacevic, Srecko"]
[Result "1/2-1/2"]
[WhiteElo "1753"]
[BlackElo "2087"]
[PlyCount "135"]
[EventDate "2019.02.21"]
[EventType "swiss"]
[EventRounds "7"]
[EventCountry "CRO"]
[SourceTitle "EXT 2023"]
[Source "ChessBase"]
[SourceDate "2022.10.05"]
[SourceVersion "1"]
[SourceVersionDate "2022.10.05"]
[SourceQuality "1"]

1. e4 c6 2. d4 d5 3. exd5 cxd5 4. Bd3 Nc6 5. c3 Nf6 6. Bf4 Bg4 7. Nf3 Rc8 8. Nbd2 e6 9. h3 Bh5 10. 0-0 Bd6 11. Bxd6 Qxd6 12. Qb3 Qc7 13. Rfe1 0-0 14. Rac1 Na5 15. Qc2 Nc4 16. Ne5 Bg6 17. Nxg6 hxg6 18. Nf3 Nh5 19. g3 Nf6 20. Ng5 Rfe8 21. Re2 e5 22. Bxc4 dxc4 23. dxe5 Rxe5 24. Rxe5 Qxe5 25. Nf3 Qd5 26. Nd4 Ne4 27. Re1 Ng5 28. Kh2 Qd7 29. g4 Qd6+ 30. Kg2 Qd5+ 31. f3 Nh7 32. Qe4 Nf6 33. Qe5 Rd8 34. Qxd5 Nxd5 35. Kg3 Kf8 36. Ne2 Nb6 37. Nd4 Na4 38. Re2 a6 39. Rc2 b5 40. a3 Rb8 41. Kf2 Ke8 42. Ke1 Kd7 43. Kd1 Kd6 44. Re2 Rb7 45. Kc1 Re7 46. Kc2 Rxe2+ 47. Nxe2 Ke5 48. b3 Nc5 49. bxc4 bxc4 50. Kd2 Ne6 51. Ke3 g5 52. Kd2 g6 53. Ke3 f5 54. Kd2 Nf4 55. Ng1 Kd6 56. Ke3 Kc5 57. Kd2 Kb5 58. Kc2 Ka4 59. Kb2 Nd3+ 60. Ka2 Nc1+ 61. Kb2 Nd3+ 62. Ka2 f4 63. Ne2 Ne1 64. Nd4 Ka5 65. Kb1 Ka4 66. Ka2 Ka5 67. Kb1 Ka4 68. Ka2 1/2-1/2

[Event "Osijek op 12th"]
[Site "Osijek"]
[Date "2019.02.21"]
[Round "1.16"]
[White "Colev, Ivor"]
[Black "Kovacevic, Srecko"]
[Result "0-1"]
[WhiteElo "1685"]
[BlackElo "2087"]
[PlyCount "68"]
[EventDate "2019.02.21"]
[EventType "swiss"]
[EventRounds "7"]
[EventCountry "CRO"]
[SourceTitle "EXT 2023"]
[Source "ChessBase"]
[SourceDate "2022.10.05"]
[SourceVersion "1"]
[SourceVersionDate "2022.10.05"]
[SourceQuality "1"]

1. e4 c6 2. d4 d5 3. e5 Bf5 4. Nf3 e6 5. Be2 c5 6. 0-0 Nc6 7. Bf4 Qb6 8. b3 cxd4 9. a4 Bc5 10. Bb5 Nge7 11. b4 Bxb4 12. Nxd4 0-0 13. c3 Nxd4 14. cxd4 Rac8 15. Na3 Bc3 16. Ra2 Qxd4 17. Qxd4 Bxd4 18. Rd1 Bb6 19. h3 Rc7 20. g4 Be4 21. Kf1 Rfc8 22. Bd2 a6 23. Be2 Nc6 24. f3 Bg6 25. f4 Nd4 26. Be3 Nxe2 27. Bxb6 Rc6 28. Kxe2 Rxb6 29. Kd2 Rb4 30. Nc2 Rxc2+ 31. Rxc2 Bxc2 32. Kxc2 Rxa4 33. f5 Kf8 34. Kb3 Rc4 0-1

[Event "Osijek op 12th"]
[Site "Osijek"]
[Date "2019.02.21"]
[Round "2.14"]
[White "Kovacevic, Srecko"]
[Black "Vurdelja, Slavko"]
[Result "0-1"]
[WhiteElo "2087"]
[BlackElo "1840"]
[PlyCount "80"]
[EventDate "2019.02.21"]
[EventType "swiss"]
[EventRounds "7"]
[EventCountry "CRO"]
[SourceTitle "EXT 2023"]
[Source "ChessBase"]
[SourceDate "2022.10.05"]
[SourceVersion "1"]
[SourceVersionDate "2022.10.05"]
[SourceQuality "1"]

1. d4 d5 2. Nf3 Nf6 3. e3 e6 4. Bd3 c5 5. b3 Nc6 6. Bb2 Bd6 7. 0-0 0-0 8. Nbd2 Re8 9. Ne5 cxd4 10. exd4 Bxe5 11. dxe5 Nd7 12. Qh5 Nf8 13. Rae1 Ne7 14. Nf3 Neg6 15. Bc1 Qc7 16. Nh4 Bd7 17. Nxg6 fxg6 18. Qh4 Qc5 19. Be3 Qc7 20. Bd4 a6 21. Re3 Bb5 22. c3 Bxd3 23. Rxd3 Re7 24. Bb6 Qd7 25. Bc5 Rf7 26. Rh3 Qd8 27. Qg4 Rf5 28. Bd6 Rc8 29. Qb4 Rf7 30. Rd1 Rc6 31. Rhd3 a5 32. Qd4 Rf5 33. g3 g5 34. b4 axb4 35. cxb4 Rc4 36. Qa7 Qc8 37. R1d2 Nd7 38. Re3 Kf7 39. Qa4 h5 40. Rxd5 Nb6 0-1

[Event "SSOBZ Cup Team 12th"]
[Site "Valpovo"]
[Date "2019.02.17"]
[Round "5.4"]
[White "Basrak, Srdjan"]
[Black "Kovacevic, Srecko"]
[Result "0-1"]
[WhiteElo "2233"]
[BlackElo "2068"]
[PlyCount "50"]
[EventDate "2019.02.15"]
[EventType "team-swiss"]
[EventRounds "5"]
[EventCountry "CRO"]
[SourceTitle "CBM 189 Extra"]
[Source "ChessBase"]
[SourceDate "2019.06.03"]
[SourceVersion "1"]
[SourceVersionDate "2019.06.03"]
[SourceQuality "1"]
[WhiteTeam "Belisce"]
[BlackTeam "Osijek Mladost"]
[WhiteTeamCountry "CRO"]
[BlackTeamCountry "CRO"]

1. e4 c6 2. d4 d5 3. e5 Bf5 4. Nf3 e6 5. Be2 c5 6. c3 Nc6 7. a3 Rc8 8. 0-0 cxd4 9. cxd4 Nge7 10. b4 a6 11. Bb2 Ng6 12. Nc3 Be7 13. Na4 Ncxe5 14. dxe5 Bc2 15. Qd4 Bxa4 16. Rac1 0-0 17. Rxc8 Qxc8 18. h4 f6 19. Rc1 Qd7 20. Qg4 f5 21. Qg3 Rc8 22. h5 Nf8 23. Nd4 Bd8 24. Qf4 h6 25. g4 Bg5 0-1

[Event "Osijek-Baranja CupT 11th"]
[Site "Nasice"]
[Date "2018.02.17"]
[Round "3.3"]
[White "Hlavac, Iva"]
[Black "Kovacevic, Srecko"]
[Result "0-1"]
[WhiteElo "1923"]
[BlackElo "2075"]
[PlyCount "88"]
[EventDate "2018.02.16"]
[EventType "team-swiss"]
[EventRounds "5"]
[EventCountry "CRO"]
[SourceTitle "EXT 2023"]
[Source "ChessBase"]
[SourceDate "2022.10.05"]
[SourceVersion "1"]
[SourceVersionDate "2022.10.05"]
[SourceQuality "1"]
[WhiteTeam "Djakovo Dama"]
[BlackTeam "Osijek Mladost"]
[WhiteTeamCountry "CRO"]
[BlackTeamCountry "CRO"]

1. e4 c6 2. d4 d5 3. exd5 cxd5 4. Nf3 Nf6 5. c3 Nc6 6. Bb5 Bd7 7. 0-0 e6 8. Bxc6 Bxc6 9. Ne5 Rc8 10. Nd2 Be7 11. Ndf3 0-0 12. Nxc6 Rxc6 13. Ne5 Rc8 14. Qb3 Qc7 15. Be3 Bd6 16. f4 g6 17. Rac1 Qb8 18. Qc2 Rc7 19. Qf2 Qd8 20. Qf3 Ne4 21. Qh3 Qe8 22. g4 f6 23. Nf3 b5 24. a3 Qe7 25. Nd2 Nxd2 26. Bxd2 a5 27. Rce1 Qd7 28. Re2 b4 29. axb4 axb4 30. Rfe1 bxc3 31. bxc3 Re8 32. f5 e5 33. fxg6 hxg6 34. Qf3 Qf7 35. Rf1 Kg7 36. Ref2 Rf8 37. Qe3 Qe6 38. Qh6+ Kg8 39. h3 Rg7 40. Qe3 e4 41. Qe2 Rh7 42. Kg2 Rff7 43. Qa6 Rxh3 44. Bf4 Qxg4+ 0-1

[Event "Osijek-Baranja CupT 11th"]
[Site "Nasice"]
[Date "2018.02.17"]
[Round "2.4"]
[White "Kovacevic, Srecko"]
[Black "Grguric, Damir"]
[Result "1-0"]
[WhiteElo "2075"]
[BlackElo "1978"]
[PlyCount "111"]
[EventDate "2018.02.16"]
[EventType "team-swiss"]
[EventRounds "5"]
[EventCountry "CRO"]
[SourceTitle "EXT 2023"]
[Source "ChessBase"]
[SourceDate "2022.10.05"]
[SourceVersion "1"]
[SourceVersionDate "2022.10.05"]
[SourceQuality "1"]
[WhiteTeam "Osijek Mladost"]
[BlackTeam "Osijek Dragovoljac"]
[WhiteTeamCountry "CRO"]
[BlackTeamCountry "CRO"]

1. Nf3 c5 2. c4 g6 3. Nc3 Bg7 4. e3 Nc6 5. d4 b6 6. d5 Na5 7. Qc2 d6 8. h3 e5 9. dxe6 Bxe6 10. b3 Ne7 11. Bb2 0-0 12. Rd1 a6 13. Ne4 Nb7 14. Bxg7 Kxg7 15. Qc3+ f6 16. g4 d5 17. g5 Ng8 18. cxd5 Bf5 19. gxf6+ Nxf6 20. Neg5 Qe7 21. Bd3 Bxd3 22. Ne6+ Kg8 23. Qxd3 Rfe8 24. Nfg5 Nd6 25. f3 Ra7 26. Kf2 Nf7 27. e4 Nxg5 28. Nxg5 Nh5 29. h4 Qe5 30. Rdg1 Rd7 31. Qd2 Nf4 32. Rg4 Nxd5 33. exd5 Rxd5 34. Qf4 Qxf4 35. Rxf4 Rd2+ 36. Kg3 Rxa2 37. Rd1 Rb2 38. Rd7 Rxb3 39. Rff7 Rbe3 40. Rg7+ Kh8 41. Rxh7+ Kg8 42. Rdg7+ Kf8 43. Rf7+ Kg8 44. Rhg7+ Kh8 45. Rxg6 R8e7 46. Rxe7 Rxe7 47. Rxb6 Rc7 48. Rxa6 c4 49. Ra2 Rc6 50. Rc2 Kg7 51. Ne4 Kg6 52. Nd2 c3 53. Ne4 Kf5 54. Rxc3 Rg6+ 55. Ng5 Rxg5+ 56. hxg5 1-0

[Event "CRO Cup"]
[Site "Mali Losinj"]
[Date "2017.05.12"]
[Round "4.11"]
[White "Kovacevic, Srecko"]
[Black "Kurecic, Mladen"]
[Result "1-0"]
[WhiteElo "2102"]
[BlackElo "2023"]
[PlyCount "95"]
[EventDate "2017.05.10"]
[EventType "team-swiss"]
[EventRounds "6"]
[EventCountry "CRO"]
[SourceTitle "CBM 178 Extra"]
[Source "ChessBase"]
[SourceDate "2017.06.22"]
[SourceVersion "1"]
[SourceVersionDate "2017.06.22"]
[SourceQuality "1"]
[WhiteTeam "Osijek"]
[BlackTeam "Zabok Polet"]
[WhiteTeamCountry "CRO"]
[BlackTeamCountry "CRO"]

1. d4 d5 2. Nf3 Nf6 3. e3 e6 4. Bd3 c5 5. b3 cxd4 6. exd4 Be7 7. 0-0 b6 8. Nbd2 0-0 9. Bb2 Bb7 10. Re1 Nbd7 11. Qe2 Re8 12. Ne5 Nxe5 13. dxe5 Nd7 14. Qh5 g6 15. Qg4 a6 16. Rad1 Bf8 17. Nf3 Qc7 18. Ng5 Bg7 19. Qg3 Nc5 20. c3 Nxd3 21. Rxd3 h6 22. Nf3 Qe7 23. h4 a5 24. h5 g5 25. Bc1 Ba6 26. Rd4 f6 27. Rg4 Qf7 28. exf6 Bxf6 29. Ne5 Qxh5 30. Qf3 Bg7 31. Qg3 Rf8 32. f4 Rf5 33. Nc6 Kf7 34. fxg5 Rc8 35. g6+ Kf6 36. Nd4 e5 37. Nxf5 Qxf5 38. c4 Ke6 39. Rf1 Qc2 40. cxd5+ Kxd5 41. Qf3+ Kc5 42. Ba3+ Kb5 43. Rc1 Qxc1+ 44. Bxc1 Rxc1+ 45. Kh2 Bc8 46. Qd3+ Kc6 47. Rc4+ Rxc4 48. Qxc4+ 1-0

[Event "Osijek op 10th"]
[Site "Osijek"]
[Date "2017.02.25"]
[Round "5"]
[White "Stocko, Josip"]
[Black "Kovacevic, Srecko"]
[Result "1-0"]
[WhiteElo "2348"]
[BlackElo "2070"]
[PlyCount "63"]
[EventDate "2017.02.23"]
[EventType "swiss"]
[EventRounds "7"]
[EventCountry "CRO"]
[SourceTitle "EXT 2019"]
[Source "ChessBase"]
[SourceDate "2018.10.10"]
[SourceVersion "1"]
[SourceVersionDate "2018.10.10"]
[SourceQuality "1"]

1. e4 c6 2. d4 d5 3. e5 Bf5 4. Nf3 e6 5. Be2 c5 6. 0-0 Nc6 7. Be3 cxd4 8. Nxd4 Nxd4 9. Bxd4 Ne7 10. f4 Nc6 11. Bf2 Be7 12. Nd2 0-0 13. Nb3 Rc8 14. c3 Qc7 15. a4 h6 16. a5 f6 17. exf6 Bxf6 18. Bd3 Be7 19. Bxf5 Rxf5 20. Qe2 Qd7 21. a6 b6 22. Rae1 Nd8 23. Bd4 Bf6 24. g4 Bxd4+ 25. Nxd4 Rf6 26. g5 hxg5 27. fxg5 Rxf1+ 28. Rxf1 Qe8 29. Re1 Rc7 30. Qe5 Qf7 31. Rf1 Qe7 32. g6 1-0

[Event "Osijek op 10th"]
[Site "Osijek"]
[Date "2017.02.24"]
[Round "3"]
[White "Oberman, Hotimir"]
[Black "Kovacevic, Srecko"]
[Result "0-1"]
[WhiteElo "1918"]
[BlackElo "2070"]
[PlyCount "106"]
[EventDate "2017.02.23"]
[EventType "swiss"]
[EventRounds "7"]
[EventCountry "CRO"]
[SourceTitle "EXT 2019"]
[Source "ChessBase"]
[SourceDate "2018.10.10"]
[SourceVersion "1"]
[SourceVersionDate "2018.10.10"]
[SourceQuality "1"]

1. e4 c6 2. d4 d5 3. e5 Bf5 4. g4 Be4 5. f3 Bg6 6. h4 h5 7. Bd3 Bxd3 8. Qxd3 e6 9. g5 g6 10. Ne2 Qb6 11. Nf4 Ne7 12. Nd2 Nf5 13. Nb3 Nd7 14. Bd2 c5 15. Nxc5 Nxc5 16. dxc5 Bxc5 17. 0-0-0 0-0-0 18. Qb3 Qc7 19. Bc3 Be3+ 20. Kb1 Bxf4 21. Qa4 Bxe5 22. Bxe5 Qxe5 23. Qxa7 Qe3 24. Qa8+ Kc7 25. Qa5+ Qb6 26. Qc3+ Kb8 27. Qf6 Nd6 28. Rd3 Rc8 29. Rb3 Qc7 30. Rc1 Rhd8 31. Qd4 Nc4 32. Rb4 Rd6 33. c3 Rb6 34. Rb3 Qc5 35. Qf4+ Qc7 36. Qd4 Rxb3 37. axb3 Nd6 38. Kc2 Qc5 39. Qf4 Rc6 40. Qf6 Qf2+ 41. Kb1 Qd2 42. Qd8+ Nc8 43. Qf6 Qd3+ 44. Rc2 Qf5 45. Qxf5 gxf5 46. Rg2 Ne7 47. Kc2 Ng6 48. Rh2 Kc7 49. Kd3 Kd6 50. Rh1 Rb6 51. b4 Rc6 52. b3 Ne5+ 53. Kc2 Nxf3 0-1

[Event "Bosnjaci op 20th"]
[Site "Bosnjaci"]
[Date "2015.01.06"]
[Round "5"]
[White "Kovacevic, Srecko"]
[Black "Jelecevic, Ivo"]
[Result "0-1"]
[WhiteElo "2085"]
[BlackElo "2144"]
[PlyCount "68"]
[EventDate "2015.01.03"]
[EventType "swiss"]
[EventRounds "9"]
[EventCountry "CRO"]
[SourceTitle "CBM 164 Extra"]
[Source "ChessBase"]
[SourceDate "2015.03.02"]
[SourceVersion "1"]
[SourceVersionDate "2015.03.02"]
[SourceQuality "1"]

1. d4 Nf6 2. Nf3 e6 3. Nbd2 c5 4. e3 b6 5. Bd3 Bb7 6. 0-0 Nc6 7. a3 Be7 8. b3 0-0 9. Bb2 cxd4 10. exd4 Qc7 11. Re1 Rfe8 12. c4 d5 13. Ne5 dxc4 14. bxc4 Nxe5 15. dxe5 Nd7 16. Rc1 Nc5 17. Bc2 Red8 18. Qe2 Rd7 19. Nf3 Rad8 20. Red1 Qc6 21. Rxd7 Rxd7 22. Rd1 h6 23. Rxd7 Qxd7 24. Nd4 Bg5 25. Nb5 Bc6 26. Nd6 f5 27. f3 Be7 28. Qd2 Nb7 29. g4 Nxd6 30. exd6 Qxd6 31. Qe2 fxg4 32. fxg4 Kf7 33. Qf2+ Bf6 34. Bc1 Qd4 0-1

[Event "Bosnjaci op 20th"]
[Site "Bosnjaci"]
[Date "2015.01.04"]
[Round "2"]
[White "Kovacevic, Srecko"]
[Black "Zivkovic, Vjekoslav"]
[Result "1/2-1/2"]
[WhiteElo "2085"]
[BlackElo "2358"]
[PlyCount "38"]
[EventDate "2015.01.03"]
[EventType "swiss"]
[EventRounds "9"]
[EventCountry "CRO"]
[SourceTitle "CBM 164 Extra"]
[Source "ChessBase"]
[SourceDate "2015.03.02"]
[SourceVersion "1"]
[SourceVersionDate "2015.03.02"]
[SourceQuality "1"]

1. d4 Nf6 2. Nf3 g6 3. Bf4 Bg7 4. Nc3 d5 5. Qd2 0-0 6. Bh6 Ne4 7. Nxe4 dxe4 8. Bxg7 Kxg7 9. Ng5 e5 10. 0-0-0 Qxd4 11. Qxd4 exd4 12. Nxe4 Nc6 13. g3 Bg4 14. h3 Rae8 15. Bg2 Bxe2 16. Rd2 Bb5 17. b3 b6 18. a4 Ba6 19. Nd6 cxd6 1/2-1/2

[Event "Osijek-ch op"]
[Site "Osijek"]
[Date "2014.02.23"]
[Round "7"]
[White "Kovacevic, Srecko"]
[Black "Niksic, Jurica"]
[Result "0-1"]
[WhiteElo "2107"]
[BlackElo "1807"]
[PlyCount "110"]
[EventDate "2014.02.20"]
[EventType "swiss"]
[EventRounds "7"]
[EventCountry "CRO"]
[SourceTitle "CBM 159 Extra"]
[Source "ChessBase"]
[SourceDate "2014.04.24"]
[SourceVersion "1"]
[SourceVersionDate "2014.04.24"]
[SourceQuality "1"]

1. d4 Nf6 2. Nf3 e6 3. e3 b6 4. Nbd2 Bb7 5. Bd3 c5 6. Qe2 Nc6 7. a3 Be7 8. b3 0-0 9. Bb2 d6 10. dxc5 bxc5 11. 0-0 Qc7 12. Rad1 Nd7 13. Ne4 d5 14. Ng3 h6 15. Nh5 g6 16. Nf4 Nce5 17. Nxe5 Nxe5 18. Ba6 Rab8 19. Bxb7 Rxb7 20. Nd3 c4 21. Nxe5 c3 22. Nxg6 fxg6 23. Qd3 Kh7 24. Bxc3 Rc8 25. Bb2 Bd6 26. Rd2 Bxh2+ 27. Kh1 Be5 28. Bd4 Bxd4 29. exd4 Qc3 30. Qxc3 Rxc3 31. Re1 Rb6 32. Rde2 Rcc6 33. Kh2 Kg7 34. Kg3 Kf6 35. Rh1 h5 36. Rhe1 g5 37. Rh1 Rc3+ 38. f3 Kg6 39. Rhe1 Kf6 40. Rd1 Rbc6 41. Rdd2 a6 42. Kf2 a5 43. a4 Rc8 44. Ke1 R8c6 45. Kd1 Kf5 46. Re5+ Kf4 47. Rde2 h4 48. Rxe6 Rxe6 49. Rxe6 Kg3 50. Re5 Kxg2 51. Rxg5+ Kxf3 52. Rxd5 h3 53. Rxa5 h2 54. Rh5 Kg2 55. Kd2 Rh3 0-1

[Event "Osijek Baranja CupT 6th"]
[Site "Osijek"]
[Date "2013.03.10"]
[Round "5.1"]
[White "Sulc, Damir"]
[Black "Kovacevic, Srecko"]
[Result "1-0"]
[WhiteElo "2244"]
[BlackElo "2095"]
[PlyCount "51"]
[EventDate "2013.03.08"]
[EventType "team-tourn"]
[EventRounds "5"]
[EventCountry "CRO"]
[SourceTitle "EXT 2014"]
[Source "ChessBase"]
[SourceDate "2013.11.20"]
[SourceVersion "1"]
[SourceVersionDate "2013.11.20"]
[SourceQuality "1"]

1. e4 d5 2. exd5 Qxd5 3. Nc3 Qd6 4. d4 Nf6 5. Be2 a6 6. Bf3 Nc6 7. Nge2 Bf5 8. Bf4 Qd7 9. 0-0 h6 10. d5 Na7 11. Nd4 Bh7 12. Qe2 g5 13. Be5 Bg7 14. g3 0-0 15. Rad1 Rad8 16. Bg2 Bg6 17. h3 Nh5 18. Bxg7 Kxg7 19. Rfe1 Nc8 20. Ne4 Bxe4 21. Bxe4 Nf6 22. Bf5 Qe8 23. Bxc8 Rxc8 24. Nf5+ Kh8 25. Nxe7 Rd8 26. Qf3 1-0

[Event "Bosnjaci op 17th"]
[Site "Bosnjaci"]
[Date "2012.01.09"]
[Round "9"]
[White "Bosnjak, Nino"]
[Black "Kovacevic, Srecko"]
[Result "0-1"]
[WhiteElo "2240"]
[BlackElo "2078"]
[PlyCount "78"]
[EventDate "2012.01.03"]
[EventType "swiss"]
[EventRounds "9"]
[EventCountry "CRO"]
[SourceTitle "CBM 146 Extra"]
[Source "ChessBase"]
[SourceDate "2012.02.29"]
[SourceVersion "1"]
[SourceVersionDate "2012.02.29"]
[SourceQuality "1"]

1. d4 Nf6 2. Nf3 d6 3. c4 Nbd7 4. Nc3 e5 5. g3 Be7 6. Bg2 c6 7. 0-0 0-0 8. Qc2 Qc7 9. b3 Re8 10. Bb2 a6 11. e3 Bf8 12. Rac1 g6 13. h3 Bh6 14. c5 exd4 15. cxd6 Qxd6 16. Rcd1 Qc7 17. Rxd4 Ne5 18. Nxe5 Rxe5 19. Ne4 Nxe4 20. Rxe4 Rxe4 21. Qxe4 Bf5 22. Qe5 Qxe5 23. Bxe5 Rd8 24. g4 Be6 25. Bf3 Rd2 26. Rd1 Rxd1+ 27. Bxd1 f5 28. gxf5 Bxf5 29. h4 Kf7 30. f4 Bf8 31. Kf2 h5 32. a4 Be7 33. Kg3 Ke6 34. Bg7 Kd5 35. Bf3+ Be4 36. Be2 b5 37. Be5 bxa4 38. bxa4 a5 39. Bc3 Bb4 0-1

[Event "Bosnjaci op 17th"]
[Site "Bosnjaci"]
[Date "2012.01.06"]
[Round "5"]
[White "Martinovic, Sasa"]
[Black "Kovacevic, Srecko"]
[Result "1/2-1/2"]
[WhiteElo "2505"]
[BlackElo "2078"]
[PlyCount "71"]
[EventDate "2012.01.03"]
[EventType "swiss"]
[EventRounds "9"]
[EventCountry "CRO"]
[SourceTitle "CBM 146 Extra"]
[Source "ChessBase"]
[SourceDate "2012.02.29"]
[SourceVersion "1"]
[SourceVersionDate "2012.02.29"]
[SourceQuality "1"]

1. d4 Nf6 2. Bg5 d5 3. Bxf6 exf6 4. e3 Bd6 5. Bd3 Nc6 6. c3 Ne7 7. Nd2 c6 8. Qc2 g6 9. Ne2 Bf5 10. e4 dxe4 11. Nxe4 Bxe4 12. Bxe4 Qa5 13. 0-0 0-0 14. c4 Rad8 15. Rfd1 Qc7 16. g3 f5 17. Bf3 Qb8 18. Rab1 h5 19. b4 h4 20. Kg2 Kg7 21. b5 c5 22. dxc5 Bxc5 23. Qc3+ Kg8 24. gxh4 b6 25. h5 Bd6 26. Qf6 Kh7 27. Nd4 Be5 28. Qxe7 Bxd4 29. hxg6+ Kxg6 30. Rxd4 Rxd4 31. Rg1 Qd6 32. Kh1+ Kh7 33. Qg5 Qg6 34. Qe3 Qf6 35. Rg5 Rh4 36. Bd5 1/2-1/2

[Event "Osijek op"]
[Site "Osijek"]
[Date "2010.01.30"]
[Round "7"]
[White "Vlaicevic, Marin"]
[Black "Kovacevic, Srecko"]
[Result "1/2-1/2"]
[WhiteElo "2000"]
[BlackElo "2111"]
[PlyCount "108"]
[EventDate "2010.01.23"]
[EventType "swiss"]
[EventRounds "9"]
[EventCountry "CRO"]
[SourceTitle "CBM 134 Extra"]
[Source "ChessBase"]
[SourceDate "2010.03.03"]
[SourceVersion "1"]
[SourceVersionDate "2010.03.03"]
[SourceQuality "1"]

1. Nf3 Nf6 2. g3 b6 3. Bg2 Bb7 4. d3 d6 5. 0-0 Nbd7 6. Nbd2 e5 7. e4 Be7 8. Nc4 0-0 9. Ne3 g6 10. Qe2 Re8 11. b3 Bf8 12. Bb2 Bg7 13. Nd2 Qe7 14. c4 a5 15. Nd5 Nxd5 16. cxd5 Nc5 17. Rac1 Bh6 18. Rc2 Qg5 19. Bc1 Qd8 20. Bb2 Qd7 21. Qf3 Bg7 22. Rd1 Rf8 23. Qe2 b5 24. f4 exf4 25. Bxg7 Kxg7 26. gxf4 Rae8 27. Qf3 Bc8 28. d4 Na6 29. a3 Re7 30. Nf1 Rfe8 31. Ng3 Qg4 32. Rdc1 Qxf3 33. Bxf3 Bd7 34. Be2 Rb8 35. Bd3 Kf8 36. e5 Ree8 37. Ne4 Bf5 38. Rc6 Bxe4 39. Bxe4 Rb6 40. Rxb6 cxb6 41. Rc6 dxe5 42. dxe5 Nc5 43. Bc2 b4 44. axb4 axb4 45. Rxb6 g5 46. Rf6 gxf4 47. e6 Ke7 48. Rxf7+ Kd6 49. Rxf4 Kxd5 50. Rxb4 Re7 51. Bf5 Nxe6 52. Bxe6+ Rxe6 53. Rh4 Re3 54. b4 Rb3 1/2-1/2